000 00346nam a2200145 4500
008 190522s2008||||xo d
100 1 _aHicks E. a J.
_91134
245 1 0 _aPros a dostaneš 2
260 _bEugenika
_aBratislava
_c2008
250 _a1.vydanie
300 _a191s.
020 _a9788081000966
_c0
041 1 _aslo
044 _axo
_cSK
999 _c22435
_d22435